100 Hollandse schilderijen = (Record no. 133635)

MARC details
000 -LEADER
campo de control de longitud fija 01044nam a2200289 i 4500
001 - NÚMERO DE CONTROL
campo de control 133635
003 - IDENTIFICADOR DE NÚMERO DE CONTROL
campo de control ES-MaACL
005 - FECHA Y HORA DE LA ÚLTIMA TRANSACCIÓN
campo de control 20250825062642.0
007 - CAMPO FIJO DE DESCRIPCIÓN FÍSICA--INFORMACIÓN GENERAL
campo de control de longitud fija t|
008 - DATOS DE LONGITUD FIJA--INFORMACIÓN GENERAL
campo de control de longitud fija 070823q1972 ne c |||| | mul d
080 ## - NÚMERO DE LA CLASIFICACIÓN DECIMAL UNIVERSAL
Número de la Clasificación Decimal Universal 75:069(492.62) Rijksmuseum
110 2# - ENTRADA PRINCIPAL--NOMBRE DE ENTIDAD CORPORATIVA
Nombre de entidad corporativa o nombre de jurisdicción como elemento de entrada Rijksmuseum (Amsterdam)
9 (RLIN) 6450
Término indicativo de función/relación entidad responsable
245 10 - MENCIÓN DEL TÍTULO
Título 100 Hollandse schilderijen =
Resto del título Dutch paintings = Tableaux hollandais = Hollèandische Gemèalde.
246 1# - FORMA VARIANTE DEL TITULO
Título propio/Titulo breve Dutch paintings
246 1# - FORMA VARIANTE DEL TITULO
Título propio/Titulo breve Tableaux hollandais
246 1# - FORMA VARIANTE DEL TITULO
Título propio/Titulo breve Hollèandische Gemèalde
260 ## - PUBLICACIÓN, DISTRIBUCIÓN, ETC.
Lugar de publicación, distribución, etc. Amsterdam :
Nombre del editor, distribuidor, etc. Rijksmuseum,
Fecha de publicación, distribución, etc. [ca. 1972]
300 ## - DESCRIPCIÓN FÍSICA
Extensión 100 páginas :
Otras características físicas principalmente ilustraciones ;
Dimensiones 23 cm.
546 ## - NOTA DE IDIOMA
Nota de lengua/lenguaje Texto en holandés, inglés, francés y alemán
610 24 - PUNTO DE ACCESO ADICIONAL DE MATERIA--NOMBRE DE ENTIDAD CORPORATIVA
Nombre de entidad corporativa o nombre de jurisdicción como elemento de entrada Rijksmuseum (Amsterdam)
9 (RLIN) 6450
650 #7 - PUNTO DE ACCESO ADICIONAL DE MATERIA--TÉRMINO DE MATERIA
Término de materia o nombre geográfico como elemento de entrada Pintura holandesa
Fuente del encabezamiento o término embne
9 (RLIN) 159995
655 #7 - TERMINO DE INDIZACIÓN--GENERO/FORMA
Fuente del término tgfbne
Datos o término principal de género/forma Libros ilustrados
9 (RLIN) 193653
852 4# - LOCALIZACIÓN
Ubicación ES-MaACL
Número de control de estantería E-12007
Ubicación en estantería Depósito 2
Donativo/Legado Biblioteca Jacinto Martínez Lacalle
942 ## - ELEMENTOS DE ENTRADA SECUNDARIOS (KOHA)
Fuente del sistema de clasificación o colocación Clasificación decimal universal
Tipo de ítem Koha Libro impreso
Suprimir en OPAC No
Holdings
Estatus retirado Estado de pérdida Estado de daño No para préstamo Biblioteca de origen Biblioteca actual Ubicación en estantería Fecha de adquisición Fuente de adquisición Total de préstamos Signatura topográfica completa Código de barras Visto por última vez Precio de reemplazo Tipo de ítem Koha
        Biblioteca del Ateneo de Madrid Biblioteca del Ateneo de Madrid Depósito 2 17/01/2008     E-12007 1139114 23/02/2023 23/02/2023 Libro impreso